000 00725nam a2200217 4500
003 OSt
005 20240625055757.0
006 a
008 240625b |||||||| |||| 00| 0 eng d
020 _a9781405154024
040 _aDWCL-Main lib.
_cOC
082 _aCirc. 709.1767 Is82 2011
245 _aIslamic art and visual culture : an anthology of sources /
260 _aUK :
_bJohn Wiley & Sons Ltd.,
_cc2011
300 _aix,
_b186 p. : ill. ;
_c25 cm.
504 _aIncludes Bibliographical references & index.
650 _a1. Islamic art and symbolism-History Sources.
650 _a2. Arts and society- Islamic countries- History sources.
700 _aFairchild D. Ruggles
942 _2ddc
_n0
_cBK-CIRC
_kCirc.
999 _c1311
_d1311